Subnormales / por Miguel Ansón
Publicado:
San Jorge, núm. 78 (2n trimestre 1970), pàg 112 :
MARC
| LEADER | 00000nam a2200000Ia 4500 | ||
|---|---|---|---|
| 001 | |||
| 008 | 160829s9999 xx 000 0 cat d | ||
| 100 | |a Ansón, Miguel |9 21597 | ||
| 245 | |a Subnormales / por Miguel Ansón | ||
| 260 | |a San Jorge, núm. 78 (2n trimestre 1970), pàg 112 | ||
| 650 | |a Asociación de Padres y Potectores de Niños Subnormales |9 40566 | ||
| 650 | |a Discapacitats |x Mataró |x Ensenyament |9 40567 | ||
| 650 | |a Discapacitats |x Vilanova i la Geltrú |x Censos |9 40568 | ||
| 901 | |a Arxiu | ||
| 942 | |n 1 | ||
| 952 | |0 0 |1 0 |4 0 |7 1 |9 49789 |a Arxiu |b Arxiu |d 2016-12-01 |l 0 |r 2016-12-01 00:00:00 |w 2016-12-01 |y ARXIU | ||
| 999 | |c 53631 |d 53631 | ||